Visualizzazione normale
Vista MARC
- Benedetto Colarossi
di Personal Name
Records bibliografici associati: 1
001 - CONTROL NUMBER
- control field: 34368
003 - CONTROL NUMBER IDENTIFIER
- control field: IT-RoPau
005 - DATE AND TIME OF LATEST TRANSACTION
- control field: 20150509124037.0
008 - FIXED-LENGTH DATA ELEMENTS
- fixed length control field: 150509|| aca||aabn | a|a d
040 ## - CATALOGING SOURCE
- Original cataloging agency: IT-RoPau
- Transcribing agency: IT-RoPau
100 ## - HEADING--PERSONAL NAME
- Personal name: Benedetto Colarossi
670 ## - SOURCE DATA FOUND
- Source citation: Work cat.: (IT-RoPau)9470: Benedetto Colarossi, L'italiano e lo spagnolo - Grammatica teorico-pratica